00527nam a2200181 a 450000100060000000300090000600800410001502000150005604000280007108200180009910000330011724500620015026000340021230000110024665000230025765000270028065000380030717607CO-ViMGA141112s2004 ck r 000 u spa d a9586079244 aCO-ViMGAbspacCO-ViMGA04a306.874 0774e1 aOrtiz, Juan; Duque, Hernando10aCómo participan los abuelos en la crianza de los nietos aBogotá, cSan Pablo, c1999 a106.p.14aCRIANZA DE NIÑOS14aeducación DE NIÑOS14aEDUCACIÓN PARA LA VIDA FAMILIAR